000 00515nam a2200145Ia 4500
008 100122s9999 xx 000 0 und d
082 _b28921
_a823
100 _aगोडबोले मंदाकिनी
245 _aैकैदी नंं चारसो बीस
260 _bगीत गोपाळ प्रकाशन
_c1905
300 _a204
630 _aैकैदी नंं चारसो बीस
730 _aैकैदी नंं चारसो बीस
942 _cBOOK
999 _c414398
_d414395